On their own in reading : (Record no. 7519)
[ view plain ]
| 000 -LEADER | |
|---|---|
| fixed length control field | 00812cam a22002531 4500 |
| 001 - CONTROL NUMBER | |
| JCCL Control Number | 7519 |
| 003 - CONTROL NUMBER IDENTIFIER | |
| JCCL marc code | BD-JhCC |
| 005 - DATE AND TIME OF LATEST TRANSACTION | |
| control field | 20181006121332.0 |
| 008 - FIXED-LENGTH DATA ELEMENTS--GENERAL INFORMATION | |
| fixed length control field | 711214s1948 ilua 000 0 eng |
| 035 ## - SYSTEM CONTROL NUMBER | |
| system control number | (BD-JhCC)7519 |
| 035 ## - SYSTEM CONTROL NUMBER | |
| system control number | (OCoLC)182358 |
| 040 ## - CATALOGING SOURCE | |
| Original cataloging agency | DLC |
| Transcribing agency | ODaWU |
| Modifying agency | OCoLC |
| -- | DLC |
| -- | BD-JhCC |
| 041 ## - LANGUAGE CODE | |
| Language code of Book | eng |
| 050 00 - LIBRARY OF CONGRESS CALL NUMBER | |
| Classification number | LB1525 |
| Item number | .G675 |
| 082 ## - DEWEY DECIMAL CLASSIFICATION NUMBER | |
| Classification number | 372.4 |
| Author mark and Year | GRA 1948 |
| 100 1# - MAIN ENTRY--PERSONAL NAME | |
| Personal name | Gray, William S. |
| Fuller form of name | (William Scott), |
| Dates associated with a name | 1885-1960. |
| 245 10 - TITLE STATEMENT | |
| Title | On their own in reading : |
| Remainder of title | how to give children independence in attacking new words / |
| Statement of responsibility, etc | William S. Gray, with the editorial collaboration of Dorothy Horton. |
| 260 ## - PUBLICATION, DISTRIBUTION, ETC. (IMPRINT) | |
| Place of publication, distribution, etc | Chicago, |
| Name of publisher, distributor, etc | Scott, Foresman |
| Date of publication, distribution, etc | [1948] |
| 300 ## - PHYSICAL DESCRIPTION | |
| Pagination | xv, 268 p. |
| Other physical details | illus. |
| Dimensions | 22 cm. |
| 650 #0 - SUBJECT ADDED ENTRY--TOPICAL TERM | |
| Topical term or geographic name as entry element | Reading (Elementary) |
| 700 1# - ADDED ENTRY--PERSONAL NAME | |
| Personal name | Horton, Dorothy, |
| 942 ## - ADDED ENTRY ELEMENTS (KOHA) | |
| Source of classification or shelving scheme | Dewey Decimal Classification |
| Koha item type | Books |
| Source of classification or shelving scheme | Damaged status | Not for loan | Home library | Current library | Shelving location | Total Checkouts | Full call number | Barcode | Date last seen | Copy number | Koha item type |
|---|---|---|---|---|---|---|---|---|---|---|---|
| Dewey Decimal Classification | JCC Rouf Library | JCC Rouf Library | General Stacks | 372.4 GRA 1948 | 896 | 02/11/2018 | C - 1 | Books |